000 00702cam a22002294a 4500
001 12388517
005 20180207072955.0
008 010424s2001 enka 001 0 eng
010 _a 2001033440
020 _a0240516141
040 _aDLC
_cDLC
_dDLC
041 _aeng
042 _apcc
080 _a778.5 PAU
082 0 0 _a778.5 PAU
_221
100 1 _a40
101 _aMED
245 1 0 _aDigital cinematography /
_cPaul Wheeler.
906 _a7
_bcbc
_corignew
_d1
_eocip
_f20
_gy-gencatlg
942 _2ddc
_cBK
999 _c42016
_d42016